Mladá veda AIESA 2011 - participácia doktorandov a mladých vedeckých pracovníkov na budovaní spoločnosti založenej na vedomostiach zborník : 7. medzinárodná vedecká konferencia doktorandov a mladých vedeckých pracovníkov : Bratislava, 10.-11. november 2011
Salvato in:
| Enti autori: | , |
|---|---|
| Altri autori: | , , , |
| Natura: | Libro |
| Lingua: | slovacco inglese ceco |
| Pubblicazione: |
Bratislava
Vydavateľstvo EKONÓM
2011
|
| Soggetti: | |
| Tags: |
Nessun Tag, puoi essere il primo ad aggiungerne!!
|
MARC
| LEADER | 00000nam$a2200000$$$4500 | ||
|---|---|---|---|
| 001 | 0145006 | ||
| 005 | 20240502072613.7 | ||
| 020 | |a 978-80-225-3313-3 | ||
| 041 | 0 | |a slo | |
| 041 | 0 | |a eng | |
| 041 | 0 | |a cze | |
| 044 | |a SK | ||
| 245 | 1 | 0 | |a Mladá veda AIESA 2011 - participácia doktorandov a mladých vedeckých pracovníkov na budovaní spoločnosti založenej na vedomostiach |b zborník : 7. medzinárodná vedecká konferencia doktorandov a mladých vedeckých pracovníkov : Bratislava, 10.-11. november 2011 |c zostavovateľ Janette Brixová |
| 264 | 1 | |a Bratislava |b Vydavateľstvo EKONÓM |c 2011 | |
| 300 | |a CD-ROM [140 s.] | ||
| 610 | 2 | 0 | |a technológie informačné |
| 610 | 2 | 0 | |a systémy informačné |
| 610 | 2 | 0 | |a informatika ekonomická |
| 610 | 2 | 0 | |a spoločnosť informačná |
| 610 | 2 | 0 | |a štatistika |
| 610 | 2 | 0 | |a účtovníctvo |
| 610 | 2 | 0 | |a audítorstvo |
| 610 | 2 | 0 | |a teória štatistiky |
| 610 | 2 | 0 | |a metódy aktuárske |
| 610 | 2 | 0 | |a aktuári |
| 610 | 2 | 0 | |a modely výskumu operačného |
| 610 | 2 | 0 | |a výskum operačný |
| 610 | 2 | 0 | |a ekonometria |
| 700 | 1 | |a Brixová, Janette | |
| 700 | 1 | |a Baštincová, Anna | |
| 700 | 1 | |a Goga, Marián | |
| 700 | 1 | |a Grell, Michal | |
| 110 | 2 | |a Mladá veda AIESA 2011 - participácia doktorandov a mladých vedeckých pracovníkov na budovaní spoločnosti založenej na vedomostiach. Medzinárodná vedecká konferencia doktorandov a mladých vedeckých pracovníkov | |
| 710 | 2 | |a Ekonomická univerzita v Bratislave. Fakulta hospodárskej informatiky | |